000 00748nam a2200217 a 4500
008 951214s1987||||[C 0 slo c
020 _c16 Kčs.
_q(18000 výtl.)
040 _aSNK
_bslo
_cSNK
_eAACR2
041 1 _aslo
_hrus
044 _axo
_cSK
080 _a141.82(081)
100 1 _aLenin, Vladimir Iľjič
_4aut
245 1 0 _aZobrané spisy. /Zv./ 38
_bMarec-jún 1919
_cVladimir Iľjič Lenin ; Viera Havránková, Oto Takáč
250 _a2., vyd.
260 _aBratislava
_bPravda
_aS.l.
_b,t. [vyd.]
_c1987
_eBratislava
_fPravda
300 _a689 s., 28,99 AH
_c21 cm
500 _aLit. 241. Reg. men., lit. prác a prameňov. Zozn. Životopis. údaje.
700 1 _aHavránková, Viera
_4trl
700 1 _aTakáč, Oto
_4bkd
958 _aA
999 _c15453
_d15453